000 01359nam2a22002291 4500
001 rc\2202487
005 20250623001417.0
035 _a(NLR Aleph) 006486556
090 _a6088373
_c6088373
100 _a20110829d1985 |||y0rusy50 ca
101 0 _arus
102 _aRU
105 _ay z |||||
200 0 _a... за 1984 год
_fСост. Броун Р.Г.
210 _d1985
_aБ. м.
215 _a[3], II, 64 с.
461 0 _1001rc\2202482
_12001#$aОсновные показатели медицинского обслуживания детей яслями, состоящими на бюджете органов здравоохранения, и домами ребенка за...$e[Стат. сб.]$fМ-во здравоохранения РСФСР. Бюро мед. статистики$v... за 1984 год
_96088326
_cМосква
_d1979
_fМ-во здравоохранения РСФСР. Бюро мед. статистики
_nБ. и.
_o[Стат. сб.]
_tОсновные показатели медицинского обслуживания детей яслями, состоящими на бюджете органов здравоохранения, и домами ребенка за...
_v... за 1984 год
801 0 _aRU
_bNLR
_gpsbo
801 1 _aRU
_bELAR
_2rusmarc
852 _aNLR
_j78-50К/5156
942 _cBOOK
980 _aNB